CASTILLA PARA ISABEL (Registro nro. 58314)
[ vista simple ]
| 000 -LEADER | |
|---|---|
| fixed length control field | 01024nam a2200229 a 4500 |
| 001 - CONTROL NUMBER | |
| control field | 58314 |
| 005 - DATE AND TIME OF LATEST TRANSACTION | |
| control field | 20180714054856.0 |
| 008 - FIXED-LENGTH DATA ELEMENTS--GENERAL INFORMATION | |
| fixed length control field | 140415s1994 ag 000 0 spa d |
| 020 ## - INTERNATIONAL STANDARD BOOK NUMBER | |
| International Standard Book Number | 9501514587 |
| 041 ## - LANGUAGE CODE | |
| Language code of text/sound track or separate title | spa |
| 082 ## - DEWEY DECIMAL CLASSIFICATION NUMBER | |
| Classification number | 823 |
| Item number | PLA |
| 100 1# - MAIN ENTRY--PERSONAL NAME | |
| Personal name | PLAIDY, JEAN |
| 245 10 - TITLE STATEMENT | |
| Title | CASTILLA PARA ISABEL |
| 250 ## - EDITION STATEMENT | |
| Edition statement | 1a ed. |
| 260 ## - PUBLICATION, DISTRIBUTION, ETC. | |
| Place of publication, distribution, etc. | ARGENTINA : |
| Name of publisher, distributor, etc. | JAVIER VERGARA EDITOR, |
| Date of publication, distribution, etc. | 1994 |
| 300 ## - PHYSICAL DESCRIPTION | |
| Extent | 325 |
| Dimensions | 11 x 1.6 x 17.3 |
| 490 ## - SERIES STATEMENT | |
| Series statement | LA MUSICA Y LOS MUSICOS |
| 520 ## - SUMMARY, ETC. | |
| Summary, etc. | UNA FANTÁSTICA HISTORIA CENTRADA EN LOS PRIMEROS AÑOS DE ISABEL LA CATÓLICA, LA MAS EXTRAORDINARIA REINA DE ESPAÑA. SU INFANCIA Y ADOLESCENCIA, BAJO LOS CUIDADOS DE UNA MADRE AMBISIOSA Y DESEQUILIBRADA, SU VIDA EN LA CORTE DE SU HERMANO ENRIQUE IV, Y FINALMENTE, SU ASENCIÓN AL TRONO AL BRAZO DE FERNADO DE ARAGÓN. |
| 650 14 - SUBJECT ADDED ENTRY--TOPICAL TERM | |
| Topical term or geographic name entry element | ESPAA |
| General subdivision | HISTORIA |
| -- | REYES CATOLICOS, 1479 |
| -- | 1516 |
| -- | ESPAA |
| -- | REYES Y SOBERANOS |
| -- | NOVELA |
| -- | ESPAA |
| -- | HISTORIA |
| -- | FERNANDO E ISABEL, 1479 |
| -- | 1516 |
| 700 1# - ADDED ENTRY--PERSONAL NAME | |
| Personal name | UGARTE, ISABEL |
| Relator term | tr. |
| 740 ## - ADDED ENTRY--UNCONTROLLED RELATED/ANALYTICAL TITLE | |
| Uncontrolled related/analytical title | CASTILE FOR ISABELA |
| Withdrawn status | Lost status | Source of classification or shelving scheme | Damaged status | Not for loan | Collection code | Home library | Current library | Shelving location | Date acquired | Source of acquisition | Inventory number | Total Checkouts | Full call number | Barcode | Date last seen | Price effective from | Koha item type |
|---|---|---|---|---|---|---|---|---|---|---|---|---|---|---|---|---|---|
| Dewey Decimal Classification | General | Biblioteca Karol Wojtyla | Biblioteca Karol Wojtyla | Sala general | 03/12/2013 | Compra | 151000000000000000032757 | 823 PLA | 87906 | 05/01/2026 | 03/12/2013 | Libro |